000 00584nam a2200181Ia 4500
008 090124s9999 xx 000 0 und d
082 _b24950
_a3159
100 _aकर्णिक मधु मंगेश
245 _a जिवाभावाचा गोवा
250 _a1
260 _c1986
300 _a154
600 _aकर्णिक मधु मंगेश
630 _a जिवाभावाचा गोवा
700 _aकर्णिक मधु मंगेश
730 _a जिवाभावाचा गोवा
942 _cBOOK
999 _c138483
_d138483